| 000 | 01057nam0a22002651 4500 | ||
|---|---|---|---|
| 001 | v19\rc\1659373 | ||
| 005 | 20260406235141.0 | ||
| 035 | _a(NLR Aleph) 004769100 | ||
| 090 |
_a4620077 _c4620077 |
||
| 100 | _a20061002d1890 |||y0rusy50 ca | ||
| 101 | 0 | _arus | |
| 102 | _aRU | ||
| 105 | _aa z ||||| | ||
| 200 | 1 | _aОтчет о действиях Конкурсного управления по делам несостоятельного должника потомственного почетного гражданина Федора Степановича Овсянникова | |
| 210 |
_aСанкт-Петербург _d1890 |
||
| 215 | _a101 с., 1 л. табл. | ||
| 702 | 1 |
_aОвсянников _bФ.С. _gФедор Степанович _4570 |
|
| 710 | 0 | 2 |
_aПетербургское конкурсное управление _3RU\NLR\AUTH\889988925 _9473414 |
| 801 | 0 |
_aRU _bNLR _gpsbo |
|
| 801 | 0 |
_aRU _bRuMoRGB _2psbo |
|
| 801 | 1 |
_aRU _bProSoft-M _2rusmarc |
|
| 852 |
_aNLR _j18.222.1.359 |
||
| 899 | _aБАН | ||
| 942 | _cBOOK | ||
| 980 | _aNB | ||